| 000 | 01495nam2a2200265 4500 | ||
|---|---|---|---|
| 001 | RU\NLR\bibl\2062261 | ||
| 005 | 20250616221900.0 | ||
| 010 |
_a978-5-4224-0652-4 _bТ. 2 |
||
| 010 | _a978-5-4224-0650-0 | ||
| 021 |
_aRU _b2013-54787 _93795 |
||
| 035 | _a(NLR Aleph) 002048944 | ||
| 090 |
_a4632130 _c4632130 |
||
| 100 | _a20130812d2013 |||y0rusy50 ca | ||
| 101 | 0 | _arus | |
| 102 | _aRU | ||
| 105 | _ay ||||||||| | ||
| 200 | 1 |
_aГений русского сыска И.Д. Путилин _eрассказы _fРоман Добрый |
|
| 215 | _a475, [2] с. | ||
| 327 | 0 | _aСодерж.: Квазимодо церкви Спаса на Сенной; Гроб с двойным дном; Белые голуби и сизые горлицы; Огненный крест; Ритуальное убийство девочки; Одиннадцать трупов без головы; Отравление миллионерши-наследницы; Петербургские вампиры-кровопийцы; Калиостро XIX века; Поцелуй Бронзовой девы [и др.] | |
| 461 | 0 |
_1001RU\NLR\bibl\2066551 _12001#$aРоссийский сыщик Иван Дмитриевич Путилин$vТ. 2 _94650632 _cМосква _d2013 _nТерра _o[в 2 т.] _tРоссийский сыщик Иван Дмитриевич Путилин _vТ. 2 |
|
| 801 | 0 |
_aRU _bNLR _c20130812 _gRCR |
|
| 801 | 1 |
_aRU _bNLR _c20130812 |
|
| 942 | _cBOOK | ||
| 980 | _aNB | ||